00325nam a2200133Ia 45000030006000000080041000060400015000471000023000622450033000852500011001182600033001295460012001620050017001740STCL150530s9999 xx 000 0 und d aSTCLcSTCL aBaden Powell, B.H. aLand system of British India aEighth bOxford Clarendon pressc1892 aEnglish20220125165553.0